Quizzes
Events
Quiz Creation
Community
Videos
Private Events
Remove Ads
Sign In
Join for FREE
Feedback
Dark Mode
Quiz Categories
Sports
Geography
Music
Movies
Television
Just For Fun
Miscellaneous
History
Literature
Language
Science
Gaming
Entertainment
Religion
Holiday
For Kids
Quiz Lab
Recent
Popular Today
Quiz Kudos Today
Editor Picks
Curator Picks
Quizzes by...
Day
Popularity
Type
Ratings
Length
Year
Community
Subscriptions
Recent Discussions
Orange Saloon
Badges
Playlists
Quests
Create
Leaderboards
Showdown
Live 5
Trivia Bingo
Activity
Puzzle Library
Sporcle Events
Private Events
Virtual Trivia
Globe League
Become a Host
Pub Owners
SporcleCon
Opinionation
Our Games
Videos
Blog
Mobile Apps
Partnerships
Remove Ads and Go Orange
Feedback
Music
Pop Music
The Beatles
Song
Album
Lyrics
Bands
Singers
Artist
Clip
Rock
Rap
Classical
Billboard
Country Music
Kpop
Taylor Swift
Music
Pop Music
The Beatles
Song
Album
Lyrics
Bands
Singers
Artist
Clip
Rock
Rap
Classical
Billboard
Country Music
Kpop
Taylor Swift
Random Quiz
Search Sporcle
×
Quiz Lab
Quiz Lab
Music
Rap
Type in answers that appear in a list
Type in answers that appear in a list
Classic
Best Score? Go Orange.
Musicians by Birth Name II Stats
Can you name the musicians by their birth names?
By
tstan1226
6m
32 Questions
69 Plays
69 Plays
69 Plays
Comments
Comments
Give Quiz Kudos
Give Quiz Kudos
-
- Ratings
hide this ad
Replay
Link that replays current quiz
Next Quiz
Link to next quiz in quiz playlist
You Got
0%
They Got
Avg Score
31%
Avg Friend Score
Upgrade to see
Score Distribution
Jump to the score distribution portion of the page
Score
0/32
Timer
06:00
0
Plays Today
Birth Name
Stage Name
% Correct
Marshall Mathers
Eminem
95.7%
John Osbourne
Ozzy Osbourne
84.1%
Richard Starkey
Ringo Starr
78.3%
Paul David Hewson
Bono
71%
Reginald Kenneth Dwight
Elton John
69.2%
Saul Hudson
Slash
61.5%
Robert Matthew Van Winkle
Vanilla Ice
60.9%
John Lydon
Johnny Rotten
59.4%
Declan Patrick MacManus
Elvis Costello
56.5%
Anna Mae Bullock
Tina Turner
56.5%
Vincent Furnier
Alice Cooper
46.2%
Stanley Harvey Eisen
Paul Stanley
46.2%
William Bruce Rose, Jr.
Axl Rose
43.5%
Enrique Martin Morales
Ricky Martin
43.5%
Huddie William Ledbetter
Lead Belly
40%
Patricia Mae Andrzejewski
Pat Benatar
34.8%
Birth Name
Stage Name
% Correct
Malcolm John Rebbenack
Dr. John
30.8%
Ronald Belford Scott
Bon Scott
29%
David Howell Evans
The Edge
28.9%
Michael Peter Balzary
Flea
27.5%
Chester Arthur Burnett
Howlin' Wolf
27.5%
Mark Feld
Marc Bolan
26.1%
James Newell Osterberg, Jr.
Iggy Pop
24.6%
Stuart Leslie Goddard
Adam Ant
24.6%
William Michael Albert Broad
Billy Idol
23.2%
Christopher Breaux
Frank Ocean
23.1%
Don Van Vilet
Captain Beefheart
19%
Brian Patrick Carroll
Buckethead
15.4%
Henry Lawrence Garfield
Henry Rollins
14.5%
Eric Reed Boucher
Jello Biafra
13%
Kim Bendix Petersen
King Diamond
12.5%
Jalacy Hawkins
Screamin' Jay Hawkins
0%
Quiz Playlist
Details
Report
Send in Message
Add To Playlist
Classic:
Type in answers that appear in a list
Last Updated: Feb 16, 2017
Quiz Scoreboard
CHALLENGE
Sign Up to Join the Scoreboard
Show All
Scores
Hide
Comments
May contain spoilers
Recently Published
NBA Finals Game Top Scorers (2010s)
by flibbidy
Sports
5m
Guess the 'R' Things in 3 Words
by MSUKent
Miscellaneous
3m
Actor to Badly Drawn Movie III
by MoMosMoProblems
Movies
5m
More to Explore
Quiz From the Vault
Featured Blog Post
Where Does Lost Luggage Go?
hide this ad
You Might Also Like...
Tags
Artist Quiz
Rap Quiz
Rock Quiz
Musician
name
Today's Top Quizzes in Music
Browse Music
hide this ad
Today's Top Quizzes in Rap
Browse Rap
Top Contributed Quizzes in Music
1
Taylor Swift All Songs (2024)
2
Image Sorting: Rock Albums II
3
Image Sorting: Rock Albums III
4
Image Sorting: Rock Albums IV
5
Image Sorting: Rock Albums V
6
Image Sorting: Rock Albums VI
7
Adjectives in 80s Songs
8
Taylor Swift Logic Puzzle
9
Image Sorting: Album Titles
10
Nickname Match: Musicians
Explore More
Trending Topics
Harry Potter
Disney
Kpop
Crossword
NBA
Marvel
Anime
Pokémon
WWE
Puzzle
NFL
Country
Soccer
Song
The Office
hide this ad
More By:
tstan1226
Quiz
Plays
Rating
Category
Featured
Created
Name That Philosopher
474
3.75
History
Mar 13, 2013
Song Titles in German
208
3.67
Language
Apr 30, 2013
'Dirty' Songs
126
Music
Apr 18, 2013
Revolutions by Year
114
3.00
History
Mar 30, 2013
Musicians by Birth Name II
69
Music
Apr 6, 2013
Go to Creator's Profile
Score Distribution
Quiz Creator Spotlight
tstan1226
Follow
Send a Message
Quizzes Created
-
Created Quiz Play Count
-
More By This Creator
Popular Quizzes Today
1
Find the US States - No Outlines Minefield
2
Find the US States
3
The Countries of the World
4
10 Largest US States in Order
5
Find the Countries of Europe - No Outlines Minefield
6
US States
7
Guess the 'R' Things in 3 Words
8
NBA Finals Game Top Scorers (2010s)
More Music Quizzes
Word Ladder: Definitely Not a Giant II
Quiz Lab
Trending Quizzes
First Name TV: Leading Men
Match the Book to the Film II
First Name TV: Leading Women Drama
3-Word Movies in 1 Word II
Match the Book to the Film VI
Recently Updated
Women's Final Four Teams by Year
bhenderson79
Presidents Quartet II
eogle
Anything But Clue(do)
eogle
Anything But Oceanian Capitals
eogle
Anything But 7
eogle
Anything But Thing
eogle
Word Ladder: February 29
pecheneg
Song Title Questions
pecheneg
Women's NCAA Tournament #1 Seeds
pecheneg
Celebrity Mug Shots
pecheneg
Trending Topics
Marvel
Disney
Anime
Harry Potter
Kpop
NBA
Crossword
Song
Pokémon
Puzzle
The Office
Soccer
NFL
WWE
Country
Your Account Isn't Verified!
In order to create a playlist on Sporcle, you need to verify the email address you used during registration. Go to your
Sporcle Settings
to finish the process.
Report this User
Report this user for behavior that violates our
Community Guidelines
.
Details:
Send Report
Go to the Sporcle.com Mobile Site →
Comments